| 000 | 00735nmc a2200301 a 4500 | ||
|---|---|---|---|
| 003 | AR-Y00000XR | ||
| 005 | 20251128211634.0 | ||
| 008 | 297020s2006 ||||||||||||||000 | spa|| | ||
| 020 | _a968-16-8010-3 | ||
| 040 | _cAR-Y00000XR | ||
| 100 | 1 | _aKemp, Martin | |
| 245 | 1 | 0 | _aLeonardo |
| 250 | _a1ª ed. | ||
| 260 |
_aMéxico _bFCE _c2006 |
||
| 300 | 0 | _a284 p. | |
| 490 | 0 |
_aBreviarios _v557 |
|
| 600 | 0 | 4 |
_aLeonardo _d1452-1519 |
| 650 | 4 | _aHISTORIA DEL ARTE | |
| 650 | 4 | _aPINTORES | |
| 650 | 4 | _aBIOGRAFIAS | |
| 650 | 4 | _aRENACIMIENTO | |
| 650 | 4 | _aESTILOS ARTISTICOS | |
| 650 | 4 | _aARTE EUROPEO | |
| 655 | _aBIOGRAFIAS | ||
| 700 | 1 |
_aRodríguez Aguilar, Juan Carlos _etraductor |
|
| 942 | _cBK | ||
| 998 | _cme-solo cat | ||
| 999 |
_c20545 _d20545 |
||